000 01694cam a22004694i 4500
003 PE-LiUPU
005 20250731173414.0
008 150706s2011 sp rb 000 0 spa d
035 _a(Sirsi) a50736
040 _aPE-LiUPU
_bspa
_cPE-LiUPU
_erda
049 _aPRUA
082 0 4 _a226.3077
_bM26
_221
100 1 _aMarcus, Joel,
_eautor.
245 1 3 _aEl evangelio según Marcos 8, 22-16, 8 :
_bnueva traducción con introducción y comentario /
_cJoel Marcus.
264 1 _aSalamanca :
_bEdiciones Sígueme S.A.U.,
_c2011.
300 _apáginas 657-1375 ;
_c24 centímetros
336 _atext
_2rdacontent
337 _aunmediated
_2rdamedia
338 _avolume
_2rdacarrier
490 0 _aBiblioteca de estudios bíblicos
504 _aIncluye bibliografía.
505 0 _aComentario al libro de Marcos Cap. 8:22-16:8 -- Traducción, notas y comentarios.
526 _aSEG42
526 _aSEG41
526 _aSEG40
526 _aSEG39
526 _aP94
526 _aP87
526 _aP86
526 _aP85
526 _aP77
526 _aP76
526 _aP35
541 _g006-0041988;
630 _aBiblia.
_pN.T.
_pMarcos
_vComentarios.
910 _agl
_cjck
_d20120410
942 _2ddc
_cBOOK
949 _a226.3077 M26 2
_wDEWEY
_c1
_i64452
_lCCODEBUL1
_mBUL
_p79.00
_r0
_sY
_tLIBRO
_u2015-07-06
_xTEOLOGIA
_PP35
_o.STAFF. Colección Teología
994 _aC0
_bPEPRU
596 _a1
999 _a226.3077 M26 2
_wDEWEY
_c53201
_i64452
_d53201
_e2017-10-20
_f2021-11-9
_g5
_lCCODEBUL1
_mBUL
_n4
_p79.00
_q5
_r0
_sY
_tBOOK
_u2015-7-6
_xTEOLOGIA
_PP35
_0COMPRA
_o.STAFF. Colección Teología
980 _81
_gALBERTO SANCHEZ Responsable de Automatización